National Food By Picture - North America - Statistics

General Stats
  • This quiz has been taken 17 times
  • The average score is 9 of 11
Answer Stats
Picture Answer % Correct
Mexico
100%
Canada
94%
Cuba
88%
USA
88%
El Salvador
75%
Guatemala
75%
Honduras
75%
Panama
75%
Jamaica
69%
Nicaragua
69%
Haiti
63%
No matching quizzes found
Score Distribution
Percent of People with Each Score
Percentile by Number Answered
Your Score History
You have not taken this quiz